|
|
|
|
| LEADER |
00000naa2a2200000 4500 |
| 001 |
635774 |
| 005 |
20231101133858.0 |
| 035 |
|
|
|a (RuTPU)RU\TPU\conf\37631
|
| 035 |
|
|
|a RU\TPU\conf\37624
|
| 090 |
|
|
|a 635774
|
| 100 |
|
|
|a 20230613d2022 k y0rusy50 ca
|
| 101 |
0 |
|
|a rus
|
| 102 |
|
|
|a RU
|
| 105 |
|
|
|a y z 101zy
|
| 135 |
|
|
|a drcn ---uucaa
|
| 181 |
|
0 |
|a i
|
| 182 |
|
0 |
|a b
|
| 200 |
1 |
|
|a Анализ проблем студентов технического профиля с успеваемостью и поиск их решения
|f К. Д. Куликов, Д. Е. Фирсова
|g науч. рук. С. В. Лавриненко
|
| 203 |
|
|
|a Текст
|c электронный
|
| 225 |
1 |
|
|a Новации нового инженерного образования
|
| 230 |
|
|
|a 1 компьютерный файл (pdf; 88 Kb)
|
| 300 |
|
|
|a Заглавие с экрана
|
| 320 |
|
|
|a [Библиогр.: с. 619 (3 назв.)]
|
| 463 |
|
0 |
|0 (RuTPU)RU\TPU\conf\37517
|t Бутаковские чтения
|o материалы II Всероссийской с международным участием молодежной конференции, 13-15 декабря 2022 г., Томск
|f Национальный исследовательский Томский политехнический университет ; ред. кол. А. С. Заворин, А. С. Матвеев, С. Г. Обухов [и др.]
|v [С. 617-619]
|d 2022
|
| 610 |
1 |
|
|a электронный ресурс
|
| 610 |
1 |
|
|a труды учёных ТПУ
|
| 610 |
1 |
|
|a проблемы
|
| 610 |
1 |
|
|a технический профиль
|
| 610 |
1 |
|
|a успеваемость
|
| 610 |
1 |
|
|a обучение
|
| 610 |
1 |
|
|a образовательные технологии
|
| 610 |
1 |
|
|a качество образования
|
| 700 |
|
1 |
|a Куликов
|b К. Д.
|
| 701 |
|
1 |
|a Фирсова
|b Д. Е.
|
| 702 |
|
1 |
|a Лавриненко
|b С. В.
|c специалист в области теплоэнергетики
|c старший преподаватель Томского политехнического университета
|f 1986-
|g Сергей Викторович
|2 stltpush
|4 727
|
| 712 |
0 |
2 |
|a Национальный исследовательский Томский политехнический университет
|b Инженерная школа энергетики
|b Научно-образовательный центр И. Н. Бутакова (НОЦ И. Н. Бутакова)
|h 8025
|2 stltpush
|3 (RuTPU)RU\TPU\col\23504
|
| 801 |
|
2 |
|a RU
|b 63413507
|c 20230615
|g RCR
|
| 856 |
4 |
|
|u http://earchive.tpu.ru/handle/11683/75970
|
| 942 |
|
|
|c BK
|